Movies Quiz

Random Movies or Director Quiz

Ridley Scott Movies Quiz Stats

 Plays Quiz not verified by Sporcle

Support Sporcle.
Go Orange.
Score 0/26 Timer 10:00
0 Plays Today
Year Movie % Correct
1979Alien
96.2%
1982Blade Runner
96.2%
2000Gladiator
96.2%
1991Thelma & Louise
83%
2012Prometheus
79.2%
2007American Gangster
75.5%
1985Legend
73.6%
2001Hannibal
73.6%
1997G.I. Jane
71.7%
2001Black Hawk Down
69.8%
2015The Martian
67.9%
2005Kingdom of Heaven
66%
2010Robin Hood
64.2%
Year Movie % Correct
2017Alien: Covenant
64.2%
2017All the Money in the World
62.3%
1977The Duellists
58.5%
2008Body of Lies
58.5%
1989Black Rain
56.6%
2013The Counselor
54.7%
2003Matchstick Men
52.8%
2006A Good Year
52.8%
2021The Last Duel
50%
2014Exodus: Gods and Kings
49.1%
19921492: Conquest of Paradise
43.4%
1996White Squall
37.7%
1987Someone to Watch Over Me
32.1%

You're not logged in!

Compare scores with friends on all Sporcle quizzes.
OR
Log In

From the Vault

Elemental Scientists

by dancastro

Everyone is made of elements. Does that mean that we're all elemental?
Remove Ads.
Support Sporcle.
Get the best of Sporcle when you Go Orange. This ad-free experience offers more features, more stats, and more fun while also helping to support Sporcle. Thank you for becoming a member.

Show Comments

Extras

Top Quizzes Today


Score Distribution

Your Account Isn't Verified!

In order to create a playlist on Sporcle, you need to verify the email address you used during registration. Go to your Sporcle Settings to finish the process.

Report this User

Report this user for behavior that violates our Community Guidelines.

Details: